Statistics for Random Marathi Words #2

Click here to take the quiz!

General Stats

  • This quiz has been taken 10 times
  • The average score is 11 of 15

Answer Stats

Marathi WordEnglish Answer% Correct
पक्षी
Pakṣī
Bird
100%
घर
Ghara
House
100%
दूध
Dūdha
Milk
100%
संगीत
Saṅgīta
Music
100%
रात्री
Rātrī
Night
100%
आकाश
Ākāśa
Sky
100%
गाणे
Gāṇē
Song
100%
सूर्य
Sūrya
Sun
100%
मिठाई
Miṭhā'ī
Sweets
100%
सरकार
Sarakāra
Government
83%
न्याय
N'yāya
Justice
83%
विमान
Vimāna
Aeroplane
80%
थंड
Thaṇḍa
Cold
80%
बाण
Bāṇa
Arrow
75%
मृत्यू
Mr̥tyū
Death
75%
चित्र
Citra
Picture
75%
वर्तमान
Vartamāna
Present
75%
हजार
Hajāra
Thousand
75%
पिवळा
Pivaḷā
Yellow
75%
खेळ
Khēḷa
Game
67%
प्रकाश
Prakāśa
Light
67%
आनंदी
Ānandī
Happy
63%
यंत्र
Yantra
Machine
63%
बुद्धिबळ
Bud'dhibaḷa
Chess
60%
संगणक
Saṅgaṇaka
Computer
60%
वडील
Vaḍīla
Father
60%
सुरक्षा
Surakṣā
Security
60%
थांबा
Thāmbā
Stop
57%
पापी
Pāpī
Sinner
29%
शुक्र
Śukra
Venus
0%

Score Distribution

Percentile by Number Answered

Percent of People with Each Score

Your Score History

You have not taken this quiz